Economía pública
Tallennettuna:
| Päätekijä: | |
|---|---|
| Aineistotyyppi: | Kirja |
| Kieli: | espanja |
| Julkaistu: |
Barcelona
Vicens-Vives
1970
|
| Aiheet: | |
| Tagit: |
Lisää tagi
Ei tageja, Lisää ensimmäinen tagi!
|
MARC
| LEADER | 00000nam a2200000 a 4500 | ||
|---|---|---|---|
| 001 | UCR7889 | ||
| 003 | CL-VaPUC | ||
| 008 | 980519e19700000SP |||||||||||||||||spa|d | ||
| 082 | 0 | 4 | |a 336 |b JOH |2 21 |
| 100 | 0 | |a Johansen, Leif |e author |9 409415 | |
| 245 | 1 | 0 | |a Economía pública |
| 300 | |a 341 p | ||
| 942 | |c BK | ||
| 945 | |d 19980519 00:00:00 |a crobeson | ||
| 260 | |a Barcelona |b Vicens-Vives |c 1970 | ||
| 650 | 0 | |a Hacienda pública |9 258673 | |
| 650 | 0 | |a Deuda pública |9 317902 | |
| 650 | 0 | |a Análisis macroeconómico |9 358711 | |
| 650 | 7 | |a PRESUPUESTO NACIONAL |2 CL-VaPUC |9 338436 | |
| 650 | 0 | |a Impuestos |9 255450 | |
| 650 | 7 | |a HACIENDA LOCAL |2 CL-VaPUC |9 384249 | |
| 583 | |a last modification |c 19980519 00:00:00 |k Rodrigo Vera | ||
| 999 | |c 269468 |d 269466 | ||
| 952 | |0 0 |1 0 |4 0 |6 336_000000000000000_JOH_1970 |7 0 |8 A |9 303217 |a BIBENE |b BIBENE |d 2019-11-20 |i 1999508 |o 336 JOH 1970 |p 1999508 |r 2025-01-15 |w 2019-11-20 |y BK |k ICO | ||